| Tag |
First Indicator |
Second Indicator |
Subfields |
| LEADER |
00000cam a2200000 a 4500 |
| 001 |
in00004513921 |
| 005 |
20191204153827.0 |
| 008 |
090826s2010 nyua b 001 0 eng |
| 010 |
|
|
|a 2009033302
|
| 015 |
|
|
|a GBB004444
|2 bnb
|
| 016 |
7 |
|
|a 015462264
|2 Uk
|
| 019 |
|
|
|a 499077425
|a 589063487
|
| 020 |
|
|
|a 9780764142529
|
| 020 |
|
|
|a 0764142526
|
| 029 |
1 |
|
|a NZ1
|b 13304292
|
| 029 |
1 |
|
|a UNITY
|b 121210545
|
| 029 |
1 |
|
|a UKSFD
|b 0764142526
|
| 029 |
1 |
|
|a UKRED
|b 0764142526
|
| 029 |
1 |
|
|a UKBRD
|b 0764142526
|
| 029 |
1 |
|
|a UKSGC
|b 0764142526
|
| 035 |
|
|
|a (OCoLC)ocn435423534
|
| 035 |
|
|
|a (OCoLC)435423534
|z (OCoLC)499077425
|z (OCoLC)589063487
|
| 035 |
|
|
|z (UtOrBLW)53086
|
| 035 |
|
|
|a 74197
|
| 040 |
|
|
|a DLC
|c DLC
|d GO8
|d UKM
|d YDXCP
|d IHI
|d BWX
|d TMV
|d UtOrBLW
|
| 049 |
|
|
|a TMVM
|c 1
|
| 050 |
0 |
0 |
|a SF429.J27
|b C64 2010
|
| 060 |
|
4 |
|a SF 429.J27
|b C679p 2010
|
| 082 |
0 |
0 |
|a 636.755
|2 22
|
| 100 |
1 |
|
|a Coile, D. Caroline.
|
| 245 |
1 |
4 |
|a The Parson and Jack Russell terrier handbook /
|c D. Caroline Coile.
|
| 250 |
|
|
|a Second edition.
|
| 264 |
|
1 |
|a Hauppauge, NY :
|b Barron's Educational Series, Inc.,
|c 2010.
|
| 300 |
|
|
|a vii, 183 pages :
|b color illustrations ;
|c cm.
|
| 336 |
|
|
|a text
|2 rdacontent
|b txt
|
| 337 |
|
|
|a unmediated
|2 rdamedia
|
| 338 |
|
|
|a volume
|2 rdacarrier
|b nc
|
| 500 |
|
|
|a Previous edition was published under title: The Jack Russell terrier handbook, 2000.
|
| 504 |
|
|
|a Includes bibliographical references (page 181) and index.
|
| 505 |
0 |
|
|a The Jack from way back -- Hit the jackpot! -- True to form -- Terrier diets -- Beauty and the beast -- Dr. Jackyll and Mr. Hyde -- A good mind to do something -- Jack of all trades -- The terrier underground -- Safe and sound -- Heredity and health -- Raising havoc -- The friend of a lifetime
|
| 650 |
|
0 |
|a Jack Russell terrier.
|
| 650 |
|
2 |
|a Dogs.
|
| 650 |
|
2 |
|a Animal Nutritional Physiological Phenomena.
|
| 700 |
1 |
|
|a Coile, D. Caroline.
|t Jack Russell terrier handbook.
|
| 999 |
|
|
|a MARS
|
| 999 |
f |
f |
|s eca03a37-096a-3cd9-9c70-387089675761
|i ac7ca97c-0b4a-352f-88f2-c8855513b8dc
|t 0
|
| 952 |
f |
f |
|p preservation
|a Texas A&M University
|b J.J. Pickle Campus
|c High Density Repository
|d Remote Storage
|t 0
|e SF 429.J27 C679p 2010
|h National Library of Medicine classification
|i unmediated -- volume
|m 323890201211W
|
| 998 |
f |
f |
|a SF 429.J27 C679p 2010
|t 0
|l Remote Storage
|